000 00431nam a2200145Ia 4500
008 231129s2003||||xx |||||||||||||| ||spa||
020 _a958-8160-47-2
040 _bspa
082 _aR 759.9861 G633i
100 _aCobo Borda Juan Gustavo
245 0 _aIgnacio Gómez Jaramillo
260 _c2003
264 _aBogotá Colombia : Villegas Editores ; Seguros Bolí­var
942 _2ddc
_cBKS
999 _c15571
_d15571